Central Library OPAC University of Rajshahi
Normal view MARC view

Entry Personal Name

Number of records used in: 2

001 - CONTROL NUMBER

  • control field: 17327

003 - CONTROL NUMBER IDENTIFIER

  • control field: BD-RjUL

005 - DATE AND TIME OF LATEST TRANSACTION

  • control field: 20251117094735.0

008 - FIXED-LENGTH DATA ELEMENTS

  • fixed length control field: 251117|| aca||aabn | a|a d

040 ## - CATALOGING SOURCE

  • Original cataloging agency: BD-RjUL
  • Transcribing agency: BD-RjUL

100 ## - HEADING--PERSONAL NAME

  • Personal name: گلیسن، ایچ،اے= Gleeson, H, A

670 ## - SOURCE DATA FOUND

  • Source citation: Work cat.: (BD-RjUL)85957: گلیسن، ایچ،اے= Gleeson, H, A, , توضيحي لسانيات = Introduction to Descriptive Linguistics /, 1974